Kibernetika : Voprosy teoriji i praktiki /

Uložené v:
Podrobná bibliografia
Hlavní autori: Gluškov, Viktor Michajlovič (Autor), Michalevič, Vladimír Sergejevič (Autor)
Médium: Kniha
Jazyk:Russian
Vydavateľské údaje: Moskva : Nauka, 1986
Vydanie:1.vyd.
Tagy: Pridať tag
Žiadne tagy, Buďte prvý, kto otaguje tento záznam!

MARC

LEADER 00000nam a22000003a 4500
001 stu7434
005 20150617225808.8
008 950316s1986----xxr-----------------rus-d
040 |a STU  |b slo 
041 0 |a rus 
044 |a xxr 
080 |a 681.322 
080 |a 681.5 
080 |a 519.71  |7 stu_us_auth*stu8254 
080 |a 007.5 
100 1 |a Gluškov, Viktor Michajlovič  |4 aut 
245 1 |a Kibernetika :  |b Voprosy teoriji i praktiki /  |c [aut.] Gluškov,V.M.; Michalevič,V.S 
250 |a 1.vyd. 
260 |a Moskva :  |b Nauka,  |c 1986 
300 |a 477 s 
700 1 |a Michalevič, Vladimír Sergejevič  |4 aut 
996 |b I3367  |c I*3367  |l II680  |s A  |a 24  |w stu7434_0001